LEADER 01007nam a2200241 i 4500 001 000000137424 003 CaOOAMICUS 005 20050413000000.0 008 050413s1976 it u000 u ita u 013 $a111199 040 $aSeMil$bita 100 1 $aBonora, Ettore,$d<1915-1998>.$0(OLS)http://semarc/name/4011 245 10$aManzoni :$bconclusioni e proposte /$cEttore Bonora. 260 $aTorino :$bPiccola Biblioteca Einaudi,$c1976. 300 $aX, 219 p. ;$c18 cm. 490 0 $aPiccola biblioteca Einaudi ;$v264. 600 14$aManzoni, Alessandro <1785-1873>.$0(OLS)http://semarc/subject/1531 830 0$aPiccola biblioteca Einaudi ;$v264.$0(OLS)http://semarc/title/11221 850 $aSeMil 852 $aSeMil$W1$xVenegono$y1$m1D I 5$j90970$B90970$CSeMilBibl$Z2$F95805 $81 961 $aOmaggio: Poma mons. Gianfranco 996 $6245$aManzoni :$bconclusioni e proposte$9(OLS)http://semarc/title/200793 996 $6260$aTorino :$bPiccola Biblioteca Einaudi$9(OLS)http://semarc/publisher/34351 LEADER 00677nam a2200181 i 4500 001 000000193730 003 CaOOAMICUS 005 20161213000000.0 008 161213s1863 it u000 u ita u 013 $a172373 040 $aSeMil$bita 245 10$aVol. 1. 300 $a522 p., [1] c. di tav. :$britr. 500 $aContiene: Discorsi pronunciati nella prima legislatura : sessione 1848. 773 0 $aCavour, Camillo Benso $tDiscorsi parlamentari.$dTorino : Eredi Botta, 1863-1872.$g1$w()4286 850 $aSeMil 852 $aSeMil$W1$xVenegono$y1$m3N VI 1 FA$j144304$B144304$CSeMilBibl$Z2$F215134 $8I 996 $6245$aVol. 1$9(OLS)http://semarc/title/13429